00804nam a22002057a 450000500170000001000150001702000260003203500140005803700130007208200130008510000290009824501150012726000380024227000620028030000400034250000450038294200270042799900190045495201250047320180710160419.0 aENG-123431 a9788178245287c695.00 aEN-106963 bDBAD/PUB a954.0019 aNovertzke, Christian Lee aHistory, bhakti,and public memeory :cby Christian Lee Novertzkebnamdev in religious and secular traditions / aRanikhet bPermanent Black c2018 aHimalayana, Mall Road, Ranikhet Cantt. bRanikhete263645v axvii,309p. :c22cm(pbk)bill.(maps) aIncludes glossaryl references and index  2ddccENmNOVh954.0019 c153783d153783 001040718NFICaDBADbLd2018-07-10eDBAD/PUB.g695.00l0o954.0019 NOVpEN-106963r2018-07-10 00:00:00t1v695.00yEN